[Event "EU-ch 2nd"]
[Site "Ohrid"]
[Date "2001.06.07"]
[Round "7"]
[White "Volokitin, Andrei"]
[Black "Nataf, Igor Alexandre"]
[Result "1-0"]
[WhiteElo "2493"]
[BlackElo "2552"]
[Annotator "Gershon,A"]
[PlyCount "87"]
[EventDate "2001.06.01"]
[EventType "swiss"]
[EventRounds "13"]
[EventCountry "YUG"]
[SourceTitle "CBM 084"]
[Source "ChessBase"]
[SourceDate "2001.09.13"]
[SourceVersion "1"]
[SourceVersionDate "2001.09.13"]
[SourceQuality "1"]

{[%mdl 41664]} 1. e4 c5 2. Nf3 Nc6 3. d4 cxd4 4. Nxd4 e5 5. Nb5 d6 6. c4 Be7 7.
N1c3 a6 8. Na3 f5 {this move has greatly grown in popularity in the past
couple of years, giving black mostly good results} 9. Bd3 (9. exf5 {it seems
that after this move black has no real problems} Bxf5 10. Bd3 (10. Nc2 Nf6 11.
Ne3 Be6 12. Bd3 O-O 13. O-O Qd7 14. b3 Bd8 15. Ned5 Bxd5 16. Nxd5 Nxd5 17. cxd5
Nd4 18. Be3 Bb6 19. Rc1 Bc5 20. Be4 b6 21. Qd3 g6 22. Kh1 Nf5 23. Bd2 a5 {
1/2-1/2 Hendriks,W-Moiseenko,A/Dieren NED 2001/The Week in Chess 351 (23)})
10... Be6 11. Be4 (11. O-O Nf6 12. Bg5 (12. Nc2 O-O 13. b3 Qd7 14. Bb2 Bd8 15.
Ne4 Nxe4 16. Bxe4 Bb6 17. Qd3 Bf5 18. Rad1 Rad8 19. Bc1 Bxe4 20. Qxe4 Qf5 21.
Qxf5 Rxf5 22. Be3 Bxe3 23. Nxe3 Rf4 24. Rd5 Rd4 25. Rd1 Rxd1+ 26. Nxd1 b5 27.
cxb5 Ne7 $11 {1-0 Leitao,R-Nataf,I/New Delhi/Theran 2000/CBM 80 (60)}) 12...
O-O 13. Nc2 (13. Bxf6 Rxf6 14. Nc2 Qb6 15. Ne3 Rh6 16. Bf5 Bf7 (16... Rf8 $14)
17. Be4 Nd4 18. Ng4 Rh4 19. Nd5 Bxd5 20. Bxd5+ Kh8 21. b3 $16 {0-1 Liss,
E-Goldin,A/Rishon Le Ziyyon 1997/CBM 62 ext (47)}) 13... Ng4 14. Bxe7 Qxe7 15.
h3 Nh6 (15... Nf6 16. Nd5 Qf7 17. Nce3 Kh8 18. Nxf6 Qxf6 19. Be4 Nd4 20. Nd5
Qh4 21. Qd3 Rf7 22. f4 Raf8 23. fxe5 dxe5 24. Qe3 Qh5 $15 {1/2-1/2 Apicella,
M-Tregubov,P/Clichy FRA 2001 (49)}) 16. Ne3 Rad8 17. Be4 Kh8 18. Qd3 Qh4 19.
Ncd5 Rf7 20. Rad1 Rdf8 $36 {0-1 Mueller,K-Shabalov,A/Mermaid Beach 1998/CBM 62
ext (49)}) 11... Nf6 12. Bd5 Bf5 13. Be3 Qd7 14. Nc2 Bd8 15. O-O Ne7 16. Rc1
Rc8 17. Bg5 Nexd5 18. cxd5 O-O $15 {0-1 Kudrin,S-Shabalov,A/Chicago 1997/EXT
2000 (30)}) 9... f4 10. Nc2 Nh6 (10... Nf6 11. Nd5 O-O 12. b3 Be6 13. Nxe7+
Qxe7 14. Ba3 {[%csl Rd6]} a5 15. Qd2 Kh8 16. Rd1 Rad8 17. f3 Nd7 18. Qf2 Nc5
19. Be2 $14 {1-0 Sokolov,A-Cherniaev,A/Geneva SUI 2001/The Week in Chess 334 
(35)}) 11. b3 O-O 12. Be2 (12. Nd5 Bg5 13. Be2 Be6 14. Bb2 Kh8 15. Qd3 Rc8 16.
Bc3 b5 $1 17. cxb5 Bxd5 18. exd5 Na7 19. Bd2 e4 20. Qxe4 Re8 21. Qd3 Nxb5 $17 {
0-1 Fluvia Poyatos,J-Moiseenko,A/Aviles 2000/CBM 77 ext (27) with a very
strong initiative for the P}) 12... Be6 13. Ba3 Kh8 14. Qd2 $6 {allows black a
thematic and very effective bow} (14. O-O $142 $5 b5 15. cxb5 axb5 16. Nxb5 d5
17. Bxe7 Nxe7 18. exd5 Bxd5 19. Nc3 $16 {white has the very important tempo
compared to the game}) 14... b5 $1 15. cxb5 axb5 16. Bb2 (16. Bxb5 Nd4 17. Nxd4
exd4 18. Na4 f3 $17) (16. Nxb5 d5 17. exd5 (17. Bxe7 Nxe7 18. exd5 Bxd5 $44)
17... Bxd5 18. O-O Bxa3 19. Ncxa3 Nf5 $44) 16... Bg5 17. Qd1 (17. Bf3 $5 Rb8
$13 (17... b4 $6 18. Nd5 Bxd5 19. Qxd5 $16 (19. exd5 e4 $1 20. Bxe4 f3 21. Qd1
fxg2 22. Bxg2 Re8+ 23. Kf1 Ne5 $44))) 17... b4 18. Nd5 Rb8 19. O-O Qd7 $1 {
[%cal Gg5d8,Gd8a5,Yh6f7,Yf7g5] preparing to regroup the pieces!} 20. Qd2 {
[%cal Ga1d1,Yd2d7]} Nf7 (20... f3 $5 21. Qxg5 fxe2 22. Rfe1 Qf7 23. Rxe2 Bxd5
24. exd5 Qxd5 {with an about equal position}) 21. f3 Bd8 22. Kh1 (22. Ncxb4 {
almost by force leads to an equal endgame} Nxb4 23. Nxb4 Ba5 24. Bc3 Rfc8 25.
Nd5 Rxc3 26. Nxc3 Rc8 27. Rac1 Qc7 28. Bc4 (28. Nd5 $4 Qa7+ $19) 28... Bxc4 29.
bxc4 Qxc4 30. Qd5 Bxc3 31. Rxc3 Qxc3 32. Qxf7 $11) 22... Ba5 23. Bc4 Ng5 $132
24. Rad1 Qf7 25. Qe2 Qh5 26. Bb5 $6 {white help black with his plan: to
challenge the N on d5 .} (26. a4 {was worth consideration.}) 26... Na7 {
[%cal Ga7c8,Gc8b6]} 27. Ba4 {I can't see how the B is better placed on 'a4'
than 'c4'} Nc8 28. a3 Nb6 29. Nxb6 Rf6 $1 {this is what white has probably
missed} 30. Rxd6 $8 (30. Nd5 $4 Rh6 31. h3 (31. g4 fxg3 32. Rd2 (32. Kg1 Bxd5 {
[%cal Ga5b6]} 33. exd5 Bb6+ $19) 32... Bxd5 (32... bxa3 33. Bc3 Bxc3 34. Nxc3
Bh3 $19) 33. axb4 Nxe4 $1 34. fxe4 (34. Rxd5 Qxh2+ 35. Qxh2 Rxh2+ 36. Kg1 Bb6+
$19) 34... Qxh2+ $1 35. Qxh2 Bxe4+ 36. Kg1 Bb6+ 37. Nd4 gxh2+ 38. Rxh2 Rg6+ 39.
Kf2 exd4 $19) 31... Nxh3 $19) 30... Rh6 31. g4 (31. h3 $2 Nxh3 32. Qa6 ({
of course not} 32. gxh3 Qxh3+ 33. Kg1 Rg6+ 34. Kf2 Qg3#) 32... Ng5+ 33. Kg1
Qh2+ 34. Kf2 Bxb6+ 35. Rxb6 Qg3+ 36. Ke2 Rxb6 $1 37. Qa8+ (37. Qxb6 Bc4+ $19)
37... Bg8 $19) 31... fxg3 32. Rd2 bxa3 33. Bxe5 Bxd2 (33... Nxe4 34. Qxe4 Bxd2
35. Bxg3 Rxb6 36. Qd4 {the discoordination of black pieces, and the weakness
of the 8th rank give white practical chances.}) 34. Bxg3 Rxb6 35. Qxd2 Nxf3 (
35... a2 $5) 36. Qf2 (36. Qd8+ Bg8 $19 {[%cal Gh5h2]}) 36... Bg4 $4 {looks
like black is an exchange up and with an attack, but the bishop cannot protect
the K anymore (by playing Bg8) which means.......} (36... Bxb3 $1 37. Qxf3 (37.
Bxb3 Rxb3 38. Rd1 Qe8 $19) 37... Rbf6 38. Qxh5 (38. Qd3 Bxa4 39. Qd8+ Qe8 $19)
38... Rxf1+ 39. Kg2 Rxh5 40. Bxb3 Rb1 $19) 37. Rd1 $1 Qg5 $2 (37... g6 $8 38.
Rd5 ({of course not} 38. Qxb6 $4 Qxh2+ 39. Bxh2 Rxh2#) 38... Qh3 39. Rd8+ Kg7
40. Be5+ $1 Kf7 $8 (40... Nxe5 41. Qf8#) 41. Nxa3 {and white is the one who
has a leathal attack}) 38. Bf4 $4 $138 (38. Ne3 $3 a2 $8 (38... Be6 39. Qxf3
$18) (38... Bh5 39. Bh4 $3 Qxh4 (39... Nxh4 40. Qf8#) 40. Qxh4 Nxh4 41. Rd8+) (
38... g6 39. Nxg4 Qxg4 40. Qxb6 $18) 39. Nxg4 a1=Q 40. Rxa1 Qxg4 41. Rd1 {
and white is winning!!!!!}) 38... Qe7 (38... Rxh2+ $5 39. Qxh2 (39. Bxh2 Rh6
$19) 39... Nxh2 40. Bxg5 Bxd1 41. Nxa3 Nf3 $19) 39. Qc5 Rbd6 $4 $138 {
Returning the favor!} (39... Rxh2+ $3 {This would be a nice finish to such a
sharp game by !!} 40. Bxh2 Rh6 $3 {Fantastic!} 41. Qf2 (41. Qd6 Qxd6 42. Rxd6
Rxh2#) (41. Rd2 Rxh2+ 42. Rxh2 Qxc5 $19) 41... Rxh2+ 42. Qxh2 Nxh2 $19) 40.
Rxd6 {Now, white is simply a piece up} Rxd6 41. Qxd6 Qxd6 42. Bxd6 a2 43. Na1
Nd4 44. Kg2 {What a game!} 1-0

[Event "Ciocaltea Memorial"]
[Site "Bucharest"]
[Date "2001.03.10"]
[Round "7"]
[White "Motylev, Alexander"]
[Black "Brodsky, Michail"]
[Result "1-0"]
[WhiteElo "2570"]
[BlackElo "2527"]
[Annotator "Gershon,A"]
[PlyCount "93"]
[EventDate "2001.03.04"]
[EventType "tourn"]
[EventRounds "11"]
[EventCountry "ROU"]
[EventCategory "12"]
[SourceTitle "CBM 082"]
[Source "ChessBase"]
[SourceDate "2001.05.17"]
[SourceVersion "1"]
[SourceVersionDate "2001.05.17"]
[SourceQuality "1"]

{[%mdl 32768]} 1. e4 c5 2. Nf3 Nc6 3. d4 cxd4 4. Nxd4 e5 5. Nb5 d6 6. c4 Be7 7.
Be2 Be6 8. O-O Nf6 9. N1c3 a6 10. Na3 Nd4 11. Be3 Nxe2+ 12. Qxe2 O-O 13. f3 {
After playing 13.Rac1 earlier this year and not getting an advantage Alex
decides to play safe, and secure the bishop first.} (13. Rfd1 Qa5 14. Bg5 Rfc8
15. Bxf6 Bxf6 16. Nd5 (16. Rxd6 $2 Be7 17. Rd3 Bxa3 18. bxa3 Bxc4 $19) 16...
Bg5 17. Rd3 $1 {/\ Rad1, b4; xd6} Rab8 18. b4 Qd8 19. Rad1 g6 20. Qb2 $14 {
1-0 Leko,P-Boensch,U/Brno 1993/CBM 37/[Leko] (39)}) ({white didn't get
anything after:} 13. Rac1 $6 Ng4 14. Bd2 f5 15. exf5 Bxf5 16. Nd5 Nf6 17. Ba5
Qe8 18. Nxe7+ {1/2-1/2 Motylev,A-Grigore,G/ROM 2000/EXT 2001 (18)}) (13. Rad1
Rc8 14. Bg5 Nd7 15. Bxe7 Qxe7 16. Nd5 Bxd5 17. Rxd5 Nc5 18. Nc2 f5 19. exf5
Rxf5 20. Ne3 Rf7 21. Qd1 Rcf8 22. Rd2 Qg5 $11 {1/2-1/2 Slobodjan,R-Rabiega,R/
Germany 1996/GER-chT2 (42)}) 13... Rc8 14. Rac1 Nd7 15. Rfd1 Bg5 $146 {Black
is changing his 'problematic' B, but after this exchange his 'd6' pawn becomes
very weak} (15... f5 16. exf5 Rxf5 17. Ne4 Qf8 18. Qd3 Nc5 19. Nxc5 dxc5 20. b3
Rf7 21. Nb1 Bf6 22. Nc3 $16 {1-0 Vokarev,S-Nun,J/Pardubice 1997/CBM 59 ext (60)
}) 16. b3 (16. Rxd6 Be7 (16... Bxe3+ $2 17. Qxe3 Bxc4 $4 18. Nxc4 Rxc4 19. Rcd1
Rc7 20. Nd5 $1 Rc6 21. Rxd7 $18) 17. Rdd1 Bxa3 18. bxa3 Rxc4 (18... Bxc4 19.
Qb2 b5 20. Rd6 $36) 19. Qb2 $14) 16... Bxe3+ 17. Qxe3 {[%csl Rd6][%cal Gd1d6]}
Qc7 18. Nc2 {[%cal Ge3d2,Yc2b4,Yb4d5]} b5 $8 {Black must create counterplay} (
18... Qc5 19. Rd2 $16 {[%csl Rd6]}) 19. Nb4 (19. Nd5 Bxd5 20. cxd5 Qa5 $1 $11 {
Not letting white N to c6.}) 19... bxc4 20. Ncd5 (20. Nxa6 $2 Qb7 21. Rxd6 cxb3
22. axb3 Qxb3 $17 {[%csl Ra6,Rc3][%cal Gc8c1,Gb3e3]}) 20... Qd8 (20... Qc5 21.
Qxc5 Rxc5 $8 22. Nxa6 Ra5 23. Nab4 (23. Ne7+ Kh8 24. Rxd6 cxb3 25. axb3 Bxb3
26. Rxd7 Rxa6 27. Nd5 $14 {[%cal Gc1c7]}) 23... cxb3 24. axb3 Nc5 25. Nc6 $16 {
[%cal Gb3b4]}) 21. Rxc4 Rxc4 22. bxc4 Qa5 23. Ne7+ $1 Kh8 24. Nec6 Qc7 25. Qa7
$3 {Exchanging black's only active piece} Qxa7+ 26. Nxa7 {[%csl Ra6,Rd6]} Ra8 (
26... Bxc4 27. Rxd6 Nb8 28. a3 $1 $16 {[%csl Ra6]}) 27. Nac6 Bxc4 (27... Nb6
28. Rxd6 Nxc4 29. Rd8+ Rxd8 30. Nxd8 a5 31. Nbc6 $16) (27... a5 28. Nd5 $16)
28. Rxd6 Be6 29. a3 g5 30. Nd3 {[%csl Re5]} Rc8 31. h3 $1 {The pawn can wait.
First whitemakes sure that black has no counterplay} (31. Ndxe5 Nxe5 32. Nxe5
Rc1+ 33. Kf2 Rc2+ 34. Kg3 h5 35. h4 gxh4+ 36. Kxh4 Rxg2 37. Rxa6 Rh2+ 38. Kg5
Kg7 $132 {[%cal Gh5h3]}) 31... Kg7 32. Ndxe5 Nxe5 33. Nxe5 Rc5 $1 {[%csl Ra3]
[%cal Gc5a5] Very resourceful defence. Black needs to put his R behind the 'a'
pawn, however, now it's impossible, so he makes white N move to 'c6' and close
the 6th rank} 34. Nc6 {[%cal Yc6a5]} (34. Nd3 $2 Ra5 35. Nb4 Rxa3 {would make
things much harder for white}) 34... Rc1+ 35. Kh2 Ra1 36. Nd4 $1 $18 {Of
course not passive defense of the pawn.} Rxa3 $8 (36... Bc4 37. Nf5+ Kf8 38.
Rd8#) 37. Nxe6+ fxe6 38. Rxe6 {The R endgame is won. white's pair in the
center weighs much more than black's 'a' pawn} a5 39. Ra6 a4 40. Kg3 Ra2 41. h4
$1 gxh4+ (41... h6 42. h5 a3 43. Ra7+ Kg8 (43... Kf6 44. Rh7 Ra1 45. Rxh6+ Ke5
46. Ra6 $18) 44. Kh3 Kf8 45. g3 Ra1 46. Kg4 a2 47. Kf5 Rf1 48. Rxa2 Rxf3+ 49.
Kg6 Rxg3 50. Re2 g4 51. Kxh6 Kf7 52. e5 $18) 42. Kxh4 a3 43. g3 Ra1 44. Kg5 a2
45. Ra7+ Kf8 46. Kf6 Ke8 47. f4 (47. f4 Re1 48. Ra8+ Kd7 49. Rxa2 Rxe4 50. Ra7+
Kd6 51. Rxh7 $18) 1-0

[Event "Montreal-A 5th"]
[Site "Montreal"]
[Date "2004.08.05"]
[Round "2"]
[White "Lagno, Kateryna"]
[Black "Moiseenko, Alexander"]
[Result "0-1"]
[WhiteElo "2472"]
[BlackElo "2640"]
[Annotator "Gofshtein,L"]
[PlyCount "78"]
[EventDate "2004.08.04"]
[EventType "tourn"]
[EventRounds "11"]
[EventCountry "CAN"]
[EventCategory "12"]
[SourceTitle "CBM 103"]
[Source "ChessBase"]
[SourceDate "2004.11.11"]
[SourceVersion "1"]
[SourceVersionDate "2004.11.11"]
[SourceQuality "1"]

1. e4 {[%mdl 4]} c5 2. Nf3 Nc6 3. d4 cxd4 4. Nxd4 e5 5. Nb5 d6 6. N1c3 a6 7.
Na3 Be7 8. Nc4 b5 9. Ne3 Nf6 10. g3 {A popular move. The usual 10.Ned5 or 10.
Bd3 doesn't lead to a big advantage.} (10. Ned5 Bb7 11. Be3 O-O 12. Be2 b4 13.
Bb6 Qd7 14. Nxf6+ Bxf6 15. Bg4 Qe8 16. Nd5 Bd8 $132 {0-1 Ostrovskiy,A-Potapov,
P/Budva 2003/CBM 96 ext (42)}) (10. Bd3 O-O 11. O-O Rb8 12. Ncd5 Nxd5 13. Nxd5
Bg5 14. c3 Be6 $132 {1/2-1/2 Unzicker,W-Pils,W/Graz 1984/MCD (29)}) 10... h5 $5
{Black opens the h-file and activizes the rook} (10... O-O 11. Bg2 Be6 12. O-O
Rc8 13. Ncd5 Nd7 14. c3 Bg5 15. f4 exf4 16. gxf4 Bh6 17. a4 $16 {1-0 Bologan,
V-Maidla,V/Riga 1995/EXT 97 (27)}) 11. Bg2 h4 12. O-O Nd4 $5 (12... g6 13. a4
b4 14. Ncd5 Be6 15. c3 bxc3 16. bxc3 Kf8 17. Ba3 Bxd5 18. Nxd5 Nxd5 19. Qxd5
Rc8 $16 {1/2-1/2 Van den Doel,E-Moiseenko,A/Plovdiv 2003/CBM 98 (61)}) 13. a4
$146 {[%mdl 8] Another line is 13.Ncd5 was met in the game given below but
didn't lead to anything significant for white} (13. Ncd5 Nxd5 14. Nxd5 Be6 15.
Ne3 hxg3 16. hxg3 Qd7 17. c3 Nc6 18. Re1 Rb8 $132 {1-0 Anand,V-Radjabov,T/
Linares 2003/CBM 94 (33)}) 13... Be6 {It is difficult for white to get
anything real in this position as black controls the d5 square and all his
pieces are well mobilized.} 14. Ncd5 {Also in case of 14.ab black gets a
counterplay} (14. axb5 axb5 15. Rxa8 Qxa8 16. Ncd5 Bxd5 17. Nxd5 Nxd5 18. exd5
Qa4 19. c3 Qxd1 20. Rxd1 Ne2+ $11) (14. Ne2 Nxe2+ 15. Qxe2 b4 $132) 14... Nxd5
$5 {14...bxa4 is also possible with a good play for black.} (14... bxa4 $5 15.
Rxa4 Nxd5 16. exd5 Bd7 17. Ra2 Qb6 $132) 15. Nxd5 (15. exd5 Bd7 16. c3 Nf5 17.
Nxf5 Bxf5 $132) 15... Bxd5 16. exd5 b4 $5 {[%cal Ra8c8,Rc8c2] Liquidating the
tension over the a-file and releasing the a8 rook.} 17. c3 {White throws the
knight away from the centre.} (17. Bd2 hxg3 18. hxg3 Rb8 $132) 17... bxc3 18.
bxc3 Nf5 19. Qd3 (19. g4 h3 20. Be4 Nh4) 19... g6 20. a5 (20. g4 $5 {deserved
attention, getting some advantage} Ng7 21. h3 O-O $14) 20... hxg3 $5 {A
necessary exchange as now black has the h4 square for the knight in case of a
possible g3-g4.} 21. hxg3 (21. fxg3 Bg5 22. Bxg5 Qxg5 23. Rae1 Qd8 24. Ra1 Qc7
$132) 21... Kf8 {[%cal Rf8g7] Black transfers the king to a safe place (g7
square) improving the coordination between his heavy pieces.} (21... Bg5 $6 22.
Bxg5 Qxg5 23. Rfb1 $36) 22. Bd2 Kg7 23. Rfb1 $5 {[%cal Rb1b6] White gradually
carries out her plan and tries to take control over b6 with a rook.} Bg5 24.
Rb6 {White seizes the initiative and penetrates with the rook to b6 attacking
the a6 pawn.} (24. Bxg5 Qxg5 25. Rb6 Rhc8 26. Be4) 24... Bxd2 25. Qxd2 {
White has a significant advantage because of the weak a6 pawn. It's not easy
to find a defence against white's threat to win the pawn.} Qf6 {Black tries to
defend with the help of tactics. Another plan of defence was to bring the
knight to the queenside.} (25... Ne7 $5 26. Qd3 Qc7 27. Rab1 $36 Nc8 28. Rxa6
Rxa6 29. Qxa6 Qxc3) 26. Qd3 {White is attacking the a6 pawn but fails to
discover the tactical resources in the position} (26. Ra4 $1 Ra7 27. Bf1 Ne7
28. Rab4) 26... Qg5 {[%cal Rg5c1] Black prepares a trap that white falls into.}
27. Rxa6 $2 {A serious blunder. But anyhow, it's not easy to see how white can
improven her position.} (27. Re1 Ra7 28. Rxa6 Rxa6 29. Qxa6 Qd2 $132) (27. Ra4
Qc1+ 28. Bf1 Qh6 $11) 27... e4 $1 {[%mdl 256]} 28. Bxe4 $2 {White is confused
and doesn't find the best defence. 28.Qe2 was necessary.} (28. Qe2 $8 Rxa6 29.
Qxa6 e3 30. Qe2 exf2+ 31. Qxf2 Nxg3 32. a6 Nf5 33. a7 Ra8) 28... Rxa6 29. Qxa6
Nxg3 $36 30. Bg2 {As the analysis shows white has nothing better.} (30. fxg3
Qxg3+ 31. Bg2 Qe3+ 32. Kf1 Rh5 $19 33. Qe2 Rf5+ 34. Ke1 Qxc3+ $19) 30... Nh5 $1
31. Qc4 {The exchange sacrifice after 31.Ra4 didn't help as well.} (31. Ra4 Nf4
32. Rxf4 Qxf4 33. Qd3 Rh4 $36) 31... Nf4 32. Qd4+ f6 33. Qe4 f5 34. Qf3 Rh4 $1
$19 {A decisive transfer of the rook. The threat is 35...Rg4.} 35. Kf1 Rh2 36.
Qg3 Qh6 {[%cal Rh2h1] The queen helps the attack over the h-file.} 37. a6 Rh1+
38. Bxh1 Qxh1+ 39. Qg1 Qh3+ 0-1

[Event "SCG-ch 1st"]
[Site "Kopaonik"]
[Date "2005.04.06"]
[Round "5"]
[White "Djukic, Nikola"]
[Black "Todorovic, Goran M"]
[Result "1-0"]
[WhiteElo "2509"]
[BlackElo "2511"]
[Annotator "Gofshtein,L"]
[PlyCount "53"]
[EventDate "2005.04.02"]
[EventType "tourn"]
[EventRounds "13"]
[EventCountry "YUG"]
[EventCategory "11"]
[SourceTitle "CBM 107"]
[Source "ChessBase"]
[SourceDate "2005.08.01"]
[SourceVersion "1"]
[SourceVersionDate "2005.08.01"]
[SourceQuality "1"]

{[%mdl 128]} 1. e4 c5 2. Nf3 Nc6 3. d4 cxd4 4. Nxd4 e5 5. Nb5 a6 6. N5c3 {
The main line of this variation is 6.Nd6+.} (6. Nd6+ Bxd6 7. Qxd6 Qf6) 6... Bc5
7. Nd5 $5 {White tries to take control over the d5 square immideatly. Besides,
he frees the c3 square for the second knight.} (7. Be3 Bxe3 8. fxe3 Nf6 9. Bc4
d6 $132) (7. Be2 Nge7 8. O-O d6 9. Bc4 O-O 10. Nd5 $132 {1/2-1/2 Fuchs,
R-Malich,B/Gera 1962/EXT 2000 (16)}) (7. Bc4 $5) 7... Nge7 {7...Nf6 is a
possible alternative, which gives black a fine game.} (7... Nf6 8. Nbc3 Nxd5 9.
Qxd5 d6 10. Qd3 O-O $132 {1-0 Vasilchuk,Y-Matskevich,A/Kharkov 1956/EXT 2002 
(43)}) 8. Nbc3 O-O 9. Bd3 Nxd5 {Black tries to force matters. The simple 9...
d6 was possible with a future castling and practically equal chances.} (9... d6
10. O-O Nxd5 11. Nxd5 Qh4 $132) 10. exd5 Ne7 $6 {After 10...Nb4 Black could
have received some counterplay.} (10... Nb4 $5 11. O-O (11. d6 Bxd6 12. Be4 Be7
13. a3 d5 $132) 11... d6 $132) 11. d6 $1 {A strong move, blocking black's
position.} Nc6 (11... Bxd6 12. Bxh7+ Kxh7 13. Qxd6 Nf5 14. Qd3 d5 15. Nxd5 $16)
12. Ne4 $1 f5 (12... Ba7 13. Qh5 $1 g6 14. Qh6 f6 15. c3 b5 16. O-O Bb7 17. Be3
$18) 13. Bc4+ (13. Nxc5 $5 {White tries to attack but the simple 13.Nc5 was
also possible, getting a stable advantage in this case.} Qa5+ 14. c3 Qxc5 15.
Be3 Qd5 16. Qb3 Qxb3 17. axb3 Rf6 18. Bc5 e4 19. Bc4+ Kf8 20. O-O $16) 13...
Kh8 14. Ng5 Qf6 $6 {14...Qe8 was much stronger, not allowing the white queen
to h5.} (14... Qe8 $5) 15. Qh5 h6 16. O-O b5 {16...Nd8 is stronger, connecting
the knight to a defense over f7.} (16... Nd8 $5 17. Bd5 Qxd6 18. Rd1 Qf6 $132)
17. Bd5 Bb7 18. Nf7+ Kh7 19. Rd1 Na5 (19... Rae8 20. Ng5+ Kh8 21. Bf7 Rc8 22.
Bg6) 20. Ng5+ Kh8 21. Bf7 $5 {White transfers the bishop to g6, increasing
White's attacking possibilities.} Nc4 $2 {The position is very sharp, and one
mistake is enough in order to decide the outcome of the game. After 21...f4!
Black would have received promising prospects.} (21... f4 $1 22. h4 f3 $132)
22. Bg6 Bxd6 23. Nh7 Qe6 24. Bxh6 $18 gxh6 25. Qxh6 Qxg6 26. Qxg6 Rg8 27. Qh6
1-0

[Event "ARM-ch"]
[Site "Yerevan"]
[Date "2005.05.06"]
[Round "7"]
[White "Asrian, Karen"]
[Black "Nalbandian, Tigran"]
[Result "1-0"]
[WhiteElo "2611"]
[BlackElo "2508"]
[Annotator "Gofshtein,L"]
[PlyCount "63"]
[EventDate "2005.04.29"]
[EventType "tourn"]
[EventRounds "11"]
[EventCountry "ARM"]
[EventCategory "11"]
[SourceTitle "CBM 107"]
[Source "ChessBase"]
[SourceDate "2005.08.01"]
[SourceVersion "1"]
[SourceVersionDate "2005.08.01"]
[SourceQuality "1"]

1. e4 c5 2. Nf3 Nc6 3. d4 cxd4 4. Nxd4 e5 5. Nb5 d6 6. c4 {White chooses one
of the main lines, another popular line is 6.N1c3 a6 7.Na3.} (6. N1c3 a6 7. Na3
) 6... Be7 7. N1c3 a6 8. Na3 f5 {Black tries to start an immediate counterplay.
8...Be6 is a possible alternative, preparing an exchange of bishops with ...
Bg5.} (8... Be6 $5) 9. exf5 Bxf5 10. Bd3 Be6 {Obviously, Black avoids the
exchange of the light-squared bishops as his white squares in this case would
be very weak.} 11. O-O Nf6 12. Nc2 {[%cal Rc2d4,Rc2e3] Bringing the knight
closer to the centre and taking control over the d5 square.} O-O 13. Nd5 $5 {
White tries to capture the d5 square immediately. Other lines as in the game
below show allow Black a fine game.} (13. Qe2 Rc8 14. Bg5 Ng4 15. Bxe7 Qxe7 16.
Nd5 Qh4 17. h3 Nf6 $132 {1-0 Mannion,S-Arakhamia Grant,K/Edinburgh 1999/CBM
071 ext (41)}) (13. Ne3 Qd7 14. b3 Kh8 15. Bb2 Rae8 16. Rc1 Bd8 17. Ncd5 Qf7
$132 {1/2-1/2 Resika,N-Hahn,A/Woburn 1999/EXT 2001 (30)}) 13... Kh8 $146 {
[%mdl 8] Prophylactics. 13...Rc8 was also possible, which gave Black a fine
position in the next games:} (13... Rc8 14. b3 (14. Be3 Kh8 15. Nxf6 Bxf6 16.
Qh5 Bg8 $14 {1-0 Gayson,P-Adams,P/West Bromwich 2004/EXT 2005 (36)}) (14. Nce3
Nd4 15. Nxf6+ Bxf6 16. Nd5 Bxd5 17. cxd5 Bg5 $132 {1-0 Charleshouse,G-Shaw,J/
Edinburgh 2001/EXT 2005 (34)}) 14... Qe8 (14... Bf7 15. Be3 Nxd5 16. cxd5 Nb8
17. a4 Qe8 $132 {0-1 Loskutov,O-Markarov,A/St Petersburg 2000/CBM 076 (75)})
15. Ba3 Kh8 16. Nxf6 Rxf6 17. Be4 b5 $132 {0-1 Cossin,S-Camus de Solliers,G/
Reims 2004/EXT 2005 (37)}) 14. Nce3 {[%cal Re3d5] Taking control over d5.} Nd4
15. b3 {[%cal Rc1b2] White plans to develop the bishop to b2, targeting the
knight on d4.} Rc8 16. Bb2 Nxd5 17. Nxd5 Bxd5 {Simplifying the position and
reducing White's pressure.} 18. cxd5 Rf4 $5 {Black prevents White to activate
his pieces, and gets a totally defendable position.} (18... Nf5 19. Qg4 g6 20.
Qb4 Qd7 21. f4 $16) 19. Rc1 g6 20. g3 Nf3+ 21. Kg2 Qd7 $2 {[%mdl 8192] A
severe error, after which Black loses at once.} (21... Rxc1 22. Bxc1 Rf7 $132)
22. Rxc8+ Qxc8 23. Be2 $1 $18 Rd4 (23... Nh4+ 24. gxh4 Bxh4 25. Qd3 $18) 24.
Bxd4 Nxd4 25. Bd3 Qc3 26. Be4 Kg7 27. Qc1 {Offering the queen's exchange,
White safely brings the game to victory.} Ne2 28. Qc2 Qxc2 29. Bxc2 Nc3 30. a4
a5 31. Bd3 e4 32. Bxe4 (32. Bxe4 Nxe4 33. Re1 Nc5 34. Rxe7+ Kf6 35. Rxh7 $18)
1-0